(Record no. 186727)

MARC details
000 -LEADER
fixed length control field 00489nam a2200157Ia 4500
003 - CONTROL NUMBER IDENTIFIER
control field IQ-KOUCL
041 ## - LANGUAGE CODE
Language code of text/sound track or separate title Kurdish
082 ## - DEWEY DECIMAL CLASSIFICATION NUMBER
Classification number 810,812 cut-239 ن
100 ## - MAIN ENTRY--PERSONAL NAME
Personal name 20260118u\\\\\\\\\\\y0engy0103\\\\ba
Personal name سامي ناجي
245 #0 - TITLE STATEMENT
Title الابراكين المحمولة في الايدي قراءة في تجربة سركون بولص الشعرية
250 ## - EDITION STATEMENT
Edition statement چ1
260 ## - PUBLICATION, DISTRIBUTION, ETC. (IMPRINT)
Name of publisher, distributor, etc منشورات ايكار
Place of publication, distribution, etc بغداد -العراق
Date of publication, distribution, etc 2023
300 ## - PHYSICAL DESCRIPTION
Extent 151
942 ## - ADDED ENTRY ELEMENTS (KOHA)
Koha item type Books
Holdings
Withdrawn status Lost status Damaged status Not for loan Collection code Home library Current library Shelving location Date acquired Total Checkouts Full call number Barcode Date last seen Copy number Price effective from Koha item type
          Koya University Central Library Koya University Central Library Books 18/01/2026   810,812 cut-239 ن 0000090382 18/01/2026 1 18/01/2026 Books